Labor relations and human resource management in China / (Record no. 591489)

000 -LEADER
fixed length control field 00344nam a22001217a 4500
020 ## - INTERNATIONAL STANDARD BOOK NUMBER
International Standard Book Number 9781032092492
082 ## - DEWEY DECIMAL CLASSIFICATION NUMBER
Classification number 658.300951
Author Mark ZHE
100 ## - MAIN ENTRY--PERSONAL NAME
Personal name Zheng, Connie
245 ## - TITLE STATEMENT
Title Labor relations and human resource management in China /
Statement of responsibility, etc. Connie Zheng
260 ## - PUBLICATION, DISTRIBUTION, ETC.
Place of publication, distribution, etc. London :
Name of publisher, distributor, etc. Routledge,
Date of publication, distribution, etc. 2021.
300 ## - PHYSICAL DESCRIPTION
Extent 220 p. ;
Dimensions 23 cm.
942 ## - ADDED ENTRY ELEMENTS (KOHA)
Source of classification or shelving scheme
Koha item type Book
Holdings
Withdrawn status Lost status Source of classification or shelving scheme Damaged status Not for loan Permanent Location Current Location Shelving location Date acquired Source of acquisition Total Checkouts Full call number Barcode Date last seen Price effective from Koha item type
          Central Library (CL) Central Library (CL) Chinese Studies 10/05/2022 Donated by China Embassy   658.300951 ZHE CL-D-1956 10/05/2022 10/05/2022 Book
© 2023 Central Library, National University of Sciences and Technology. All Rights Reserved.